[Event "AGAG IIIIII"]
[Site "SchemingMind.com"]
[Date "2021.01.02"]
[Round "-"]
[White "Steven DuCharme"]
[Black "Brerrabbit"]
[Result "1-0"]
[WhiteCountry "USA"]
[BlackCountry "SCO"]
[WhiteElo "1609"]
[WhiteRD "59"]
[BlackElo "1327"]
[BlackRD "81"]
[GameID "464017"]

1. b3 e5 2. Bb2 Nc6 3. g3 Nf6 4. Bg2 Bc5 5. e3 d6 6. Ne2 O-O 7. O-O d5 8. d4 Bd6 9. Nd2 e4 10. c4 Ng4
11. cxd5 Ne7 12. Nxe4 c6 13. Nxd6 Qxd6 14. dxc6 bxc6 15. h3 Nf6 16. a4 Rb8 17. Ba3 Qd7 18. Bxe7 Qxe7 19. Bxc6 Bxh3 20. Bg2 Ng4
21. Bxh3 Nf6 22. Rb1 Rfc8 23. Bxc8
1-0

[Event "AGAG IIIIII"]
[Site "SchemingMind.com"]
[Date "2021.01.02"]
[Round "-"]
[White "Brerrabbit"]
[Black "Steven DuCharme"]
[Result "0-1"]
[WhiteCountry "SCO"]
[BlackCountry "USA"]
[WhiteElo "1327"]
[WhiteRD "81"]
[BlackElo "1609"]
[BlackRD "59"]
[GameID "464018"]

1. b3 e5 2. Bb2 Nc6 3. e3 a6 4. c4 Nf6 5. Nf3 d6 6. d3 Be7 7. Nc3 Bg4 8. Be2 Qd7 9. Qd2 O-O 10. O-O-O Rfb8
11. h3 Bxf3 12. Bxf3 b5 13. g4 bxc4 14. dxc4 Na5 15. Bxa8 Rxa8 16. g5 Nh5 17. Ne4 Nb7 18. f4 Qf5 19. Nf2 exf4 20. e4 Qxg5
21. e5 f3 22. Qxg5 Bxg5+ 23. Kb1 Bh4 24. Bd4 Bxf2 25. Bxf2 dxe5 26. Rd7 Rc8 27. Rhd1 Nf6 28. Rxc7 Rxc7
0-1

[Event "AGAG IIIIII"]
[Site "SchemingMind.com"]
[Date "2021.01.01"]
[Round "-"]
[White "Steven DuCharme"]
[Black "Kenny Elliott"]
[Result "1-0"]
[WhiteCountry "USA"]
[BlackCountry "USA"]
[WhiteElo "1554"]
[WhiteRD "55"]
[BlackElo "1562"]
[BlackRD "54"]
[GameID "464019"]

1. b3 e5 2. Bb2 Nc6 3. g3 d5 4. Bg2 Nf6 5. e3 e4 6. Ne2 Be7 7. O-O O-O 8. d3 Bf5 9. dxe4 dxe4 10. Nd4 Nxd4
11. Bxd4 c5 12. Bb2 Qxd1 13. Rxd1 Rad8 14. Na3 Bg4 15. Re1 Bf3 16. Nc4 Nd5 17. Bxf3 exf3 18. Red1 Nf6 19. Ne5 Rxd1+ 20. Rxd1 Rd8
21. Rxd8+ Bf8 22. Nd7
1-0

[Event "AGAG IIIIII"]
[Site "SchemingMind.com"]
[Date "2021.01.02"]
[Round "-"]
[White "Kenny Elliott"]
[Black "Steven DuCharme"]
[Result "1-0"]
[WhiteCountry "USA"]
[BlackCountry "USA"]
[WhiteElo "1562"]
[WhiteRD "54"]
[BlackElo "1554"]
[BlackRD "55"]
[GameID "464020"]

1. b3 Nf6 2. Bb2 b6 3. Bxf6 exf6 4. e4 Bb7 5. Nc3 Be7 6. Nf3 O-O 7. Bc4 d6 8. O-O Nd7 9. d4 a6 10. a4 c5
11. Bd5 Bxd5 12. Nxd5 Re8 13. c3 Rc8 14. Qe2 Nb8 15. Rfb1 Bf8 16. b4 c4 17. b5 a5 18. Nd2 Nd7 19. Nxc4 g6 20. Qd3 Rxc4
21. Qxc4 Rxe4 22. Re1 f5 23. Re3 Rxe3 24. Nxe3 Kg7 25. Re1 Qb8 26. Qd5 Nf6 27. Qf3 Ne4 28. c4 h5 29. Nxf5+ gxf5 30. Qxf5 Nf6
31. Qg5+
1-0

[Event "AGAG IIIIII"]
[Site "SchemingMind.com"]
[Date "2021.01.01"]
[Round "-"]
[White "Steven DuCharme"]
[Black "Michael Christensen"]
[Result "1-0"]
[WhiteCountry "USA"]
[BlackCountry "GER"]
[WhiteElo "1596"]
[WhiteRD "65"]
[BlackElo "1577"]
[BlackRD "121"]
[GameID "464021"]

1. b3 e5 2. Bb2 Nc6 3. g3 d5 4. Bg2 Be6 5. Nf3 Bd6 6. O-O Nf6 7. d3 O-O 8. Nbd2 Re8 9. Re1 Qd7 10. Ng5 Bf5
11. e4 dxe4 12. Ndxe4 Nxe4 13. Nxe4 Bb4 14. c3 Be7 15. Qc2 Rad8 16. Rad1 a5 17. f3 b5 18. a3 b4 19. cxb4 axb4 20. a4 Nd4
21. Bxd4 Qxd4+ 22. Kh1 Bxe4 23. Rxe4 Qd6 24. Bf1 c5 25. Qc4
1-0

[Event "AGAG IIIIII"]
[Site "SchemingMind.com"]
[Date "2021.01.03"]
[Round "-"]
[White "Michael Christensen"]
[Black "Steven DuCharme"]
[Result "0-1"]
[WhiteCountry "GER"]
[BlackCountry "USA"]
[WhiteElo "1538"]
[WhiteRD "103"]
[BlackElo "1618"]
[BlackRD "70"]
[GameID "464022"]

1. b3 Nf6 2. Bb2 b6 3. f4 Bb7 4. Nf3 e6 5. Nc3 Be7 6. e3 O-O 7. Be2 d6 8. O-O Nbd7 9. d3 Ng4 10. Qd2 f5
11. h3 Nh6 12. e4 a6 13. exf5 Nxf5 14. Ne4 Nf6 15. Nxf6+ Bxf6 16. Bxf6 Qxf6 17. Rae1 Bxf3 18. Rxf3 Nd4 19. Rf2 e5 20. Ref1 Nxe2+
21. Qxe2 exf4 22. Qg4 Qb2 23. Rxf4 Rxf4 24. Qe6+ Kh8 25. Rxf4 Qc1+ 26. Rf1 Qxc2 27. Qe7 Qc5+ 28. Kh1 d5
0-1

[Event "AGAG IIIIII"]
[Site "SchemingMind.com"]
[Date "2021.01.01"]
[Round "-"]
[White "Steven DuCharme"]
[Black "Gilligan"]
[Result "1-0"]
[WhiteCountry "USA"]
[BlackCountry "USA"]
[WhiteElo "1571"]
[WhiteRD "55"]
[BlackElo "1680"]
[BlackRD "57"]
[GameID "464023"]

1. b3 d5 2. Bb2 Nf6 3. Nf3 e6 4. g3 b6 5. Bg2 Bb7 6. O-O Nc6 7. d3 Be7 8. Nbd2 Qd7 9. Ne5 Nxe5 10. Bxe5 O-O-O
11. c4 Bd6 12. Nf3 Ng4 13. Bxd6 Qxd6 14. h3 Nf6 15. a3 h5 16. Qc2 Rdg8 17. cxd5 Nxd5 18. e4 Ne7 19. e5 Qd7 20. d4 g5
21. Rad1 g4 22. Nh4 Bxg2 23. Kxg2 Qd5+ 24. Kh2 f5 25. Qc4 Ng6 26. Qxd5 exd5 27. Nxf5 Kd7 28. h4 Ke6 29. Ne3 c5 30. f4 Ne7
31. f5+ Kd7 32. e6+ Kd6 33. f6 Kxe6 34. fxe7 Kxe7 35. Nxd5+ Kd8 36. dxc5 Rg7 37. Nxb6+ Kc7 38. Na4 Re8 39. Rf2 Kc6 40. b4 Re3
41. Ra1 Rd7 42. Nb2 Rde7 43. a4 Rb3 44. b5+ Kxc5 45. Rc1+ Kd4 46. Rf4+ Re4 47. Rc4+ Kd5 48. Rcxe4 Rxb2+ 49. Kg1 Rb1+ 50. Kf2 Rc1
51. Re2 Kc5 52. Rf5+ Kb4 53. Rxh5 Rc4 54. a5 Kxa5 55. b6+ Kxb6 56. Ra2 a6 57. Rh6+ Kc5 58. Rhxa6 Kd4 59. R2a4 Kd5 60. Rxc4 Kxc4
61. h5
1-0

[Event "AGAG IIIIII"]
[Site "SchemingMind.com"]
[Date "2021.01.02"]
[Round "-"]
[White "Gilligan"]
[Black "Steven DuCharme"]
[Result "1-0"]
[WhiteCountry "USA"]
[BlackCountry "USA"]
[WhiteElo "1683"]
[WhiteRD "60"]
[BlackElo "1554"]
[BlackRD "55"]
[GameID "464024"]

1. b3 d5 2. Bb2 Nc6 3. e3 a6 4. Nc3 Nf6 5. Be2 e5 6. d3 Bd6 7. Qd2 O-O 8. O-O-O Be6 9. Kb1 b5 10. h4 d4
11. exd4 Nxd4 12. f3 c5 13. Bf1 a5 14. Nge2 a4 15. Nxd4 cxd4 16. Nxb5 axb3 17. cxb3 Be7 18. Rc1 Nd5 19. Nxd4 exd4 20. Bxd4 Bb4
21. Qf2 Bf5 22. g4 Nc3+ 23. Bxc3 Bxd3+ 24. Ka1 Bxc3+ 25. Rxc3 Bxf1 26. Rxf1 Qf6 27. Rc1 Rfc8 28. Qd2 h6 29. g5 hxg5 30. hxg5 Qe5
31. f4 Qe6 32. Rxc8+ Rxc8 33. Rxc8+ Qxc8 34. Kb2
1-0

[Event "AGAG IIIIII"]
[Site "SchemingMind.com"]
[Date "2021.01.01"]
[Round "-"]
[White "Steven DuCharme"]
[Black "Helga1946"]
[Result "0-1"]
[WhiteCountry "USA"]
[BlackCountry "GER"]
[WhiteElo "1554"]
[WhiteRD "55"]
[BlackElo "2257"]
[BlackRD "66"]
[GameID "464025"]

1. b3 e5 2. Bb2 Nc6 3. g3 d5 4. Bg2 Nf6 5. Nf3 e4 6. Nd4 Nxd4 7. Bxd4 Be7 8. O-O O-O 9. c4 dxc4 10. e3 Bg4
11. f3 exf3 12. Rxf3 c5 13. Bc3 Nd5 14. Qf1 Bxf3 15. Qxf3 Nxc3 16. Nxc3 Qxd2 17. Nd5 Rae8 18. bxc4 Bg5 19. Rd1 Bxe3+ 20. Kh1 Qc2
21. Nxe3 Rxe3 22. Qf1 Re2 23. Rc1 Qxa2 24. Bxb7 Rxh2+ 25. Kg1 Rc2 26. Rxc2 Qxc2 27. Bd5 a5 28. Qa1 Rb8
0-1

[Event "AGAG IIIIII"]
[Site "SchemingMind.com"]
[Date "2021.01.02"]
[Round "-"]
[White "Helga1946"]
[Black "Steven DuCharme"]
[Result "1-0"]
[WhiteCountry "GER"]
[BlackCountry "USA"]
[WhiteElo "2257"]
[WhiteRD "66"]
[BlackElo "1554"]
[BlackRD "55"]
[GameID "464026"]

1. b3 b5 2. Nf3 Bb7 3. a3 Nf6 4. e3 e6 5. Bxb5 a6 6. Be2 g6 7. Bb2 Bg7 8. O-O O-O 9. d4 d6 10. Nbd2 Nbd7
11. b4 e5 12. Nb3 exd4 13. exd4 Re8 14. Re1 c5 15. Na5 Qc7 16. Nxb7 Qxb7 17. dxc5 dxc5 18. Ng5 h6 19. Nxf7 Kxf7 20. Bc4+ Kf8
21. Qd6+
1-0

[Event "AGAG IIIIII"]
[Site "SchemingMind.com"]
[Date "2021.01.01"]
[Round "-"]
[White "Steven DuCharme"]
[Black "JAHI"]
[Result "0-1"]
[WhiteCountry "USA"]
[BlackCountry "INT"]
[WhiteElo "1554"]
[WhiteRD "55"]
[BlackElo "2127"]
[BlackRD "71"]
[GameID "464027"]

1. b3 e6 2. Bb2 a6 3. g3 a5 4. Bg2 Na6 5. Nf3 d6 6. O-O h6 7. d3 h5 8. Nbd2 h4 9. Nxh4 Rxh4 10. gxh4 Qxh4
11. Nf3 Qh5 12. a3 Bd7 13. e4 Be7 14. c4 Nc5 15. Re1 e5 16. d4 Ne6 17. dxe5 Nf4 18. Kh1 Nxg2 19. Kxg2 Bh3+ 20. Kh1 Bg4
21. Kg2 Qh3+
0-1

[Event "AGAG IIIIII"]
[Site "SchemingMind.com"]
[Date "2021.01.01"]
[Round "-"]
[White "JAHI"]
[Black "Steven DuCharme"]
[Result "1-0"]
[WhiteCountry "INT"]
[BlackCountry "USA"]
[WhiteElo "2121"]
[WhiteRD "75"]
[BlackElo "1571"]
[BlackRD "55"]
[GameID "464028"]

1. b3 c5 2. e3 Nf6 3. Bb2 Nc6 4. a3 e6 5. a4 Be7 6. Na3 b6 7. h3 Bb7 8. h4 a6 9. Be2 Qc7 10. Kf1 O-O-O
11. Nf3 h6 12. Kg1 d5 13. Qf1 e5 14. Bxa6 Nd7 15. Bxb7+ Kxb7 16. Nb5 Qb8 17. d3 Bf6 18. e4 d4 19. Nd2 Be7 20. Nc4 Nb4
21. Qb1 g5 22. c3 dxc3 23. Bxc3 gxh4 24. Bxb4 cxb4 25. a5 Bc5 26. Qa2 f5 27. axb6 Nxb6 28. Qa6+ Kc6 29. Na7+ Qxa7 30. Nxe5+ Kd6
31. Nc4+
1-0

[Event "AGAG IIIIII"]
[Site "SchemingMind.com"]
[Date "2021.01.02"]
[Round "-"]
[White "Steven DuCharme"]
[Black "Daniel Dubé"]
[Result "1-0"]
[WhiteCountry "USA"]
[BlackCountry "CAN"]
[WhiteElo "1554"]
[WhiteRD "55"]
[BlackElo "1637"]
[BlackRD "70"]
[GameID "464029"]

1. b3 d6 2. Bb2 Nf6 3. g3 e5 4. Bg2 Nc6 5. e3 Be7 6. Ne2 O-O 7. O-O Be6 8. d3 d5 9. Nd2 Qd7 10. f3 Bh3
11. Rf2 Bxg2 12. Kxg2 e4 13. h3 exd3 14. cxd3 Nb4 15. Qb1 Qf5 16. e4 dxe4 17. Nxe4 Nxe4 18. fxe4 Qd7 19. d4 f5 20. a3 Nc6
21. exf5 Qd5+ 22. Kh2 Rxf5 23. Rxf5
1-0

[Event "AGAG IIIIII"]
[Site "SchemingMind.com"]
[Date "2021.01.02"]
[Round "-"]
[White "Daniel Dubé"]
[Black "Steven DuCharme"]
[Result "1/2-1/2"]
[WhiteCountry "CAN"]
[BlackCountry "USA"]
[WhiteElo "1625"]
[WhiteRD "59"]
[BlackElo "1571"]
[BlackRD "55"]
[GameID "464030"]

1. b3 e5 2. Bb2 d6 3. c4 Nf6 4. e3 Be7 5. Nf3 O-O 6. Be2 Bg4 7. h3 Bf5 8. d3 Nbd7 9. O-O h6 10. Nc3 a6
11. e4 Bh7 12. Nh2 b6 13. f4 c6 14. f5 b5 15. g4 Qb6+ 16. Kh1 bxc4 17. dxc4 Rfd8 18. h4 Qd4 19. g5 Nxe4 20. Qxd4 Ng3+
21. Kg2 exd4 22. Kxg3 dxc3 23. Bxc3 hxg5 24. hxg5 Bxg5 25. Rad1 Bf6 26. Bxf6 Nxf6 27. Bf3 Rac8 28. Ng4 Bxf5 29. Nxf6+ gxf6 30. Bxc6 Rxc6
31. Rxf5 Kg7 32. Rfd5 Kg6 33. c5 f5 34. cxd6 Kf6 35. Kf4 Ke6 36. Re5+ Kd7 37. Rxf5 Rxd6 38. Rxf7+ Kc6 39. Rxd6+ Rxd6 40. Ke5 Rd2
41. a4 Rb2 42. Rf3 Kc5 43. Rc3+ Kb4 44. Rc6 Rxb3 45. Rxa6 Ra3 46. Kd5 Rxa4 47. Rxa4+ Kxa4
1/2-1/2

[Event "AGAG IIIIII"]
[Site "SchemingMind.com"]
[Date "2021.01.01"]
[Round "-"]
[White "Steven DuCharme"]
[Black "David Connolly"]
[Result "0-1"]
[WhiteCountry "USA"]
[BlackCountry "WLS"]
[WhiteElo "1571"]
[WhiteRD "55"]
[BlackElo "2060"]
[BlackRD "82"]
[GameID "464031"]

1. b3 e5 2. Bb2 Nc6 3. g3 d5 4. Bg2 Be6 5. Nf3 Bd6 6. O-O Nf6 7. d3 O-O 8. Nbd2 Qd7 9. Kh1 a5 10. e4 d4
11. Ng5 Bg4 12. f3 Bh5 13. h4 h6 14. Bh3 Qe7 15. g4 Bg6 16. Nc4 hxg5 17. Nxd6 cxd6
0-1

[Event "AGAG IIIIII"]
[Site "SchemingMind.com"]
[Date "2021.01.02"]
[Round "-"]
[White "David Connolly"]
[Black "Steven DuCharme"]
[Result "1-0"]
[WhiteCountry "WLS"]
[BlackCountry "USA"]
[WhiteElo "2060"]
[WhiteRD "82"]
[BlackElo "1571"]
[BlackRD "55"]
[GameID "464032"]

1. b3 b6 2. Bb2 Bb7 3. c4 c5 4. Nf3 Nf6 5. g3 d6 6. Bg2 Nbd7 7. O-O g6 8. d4 Bg7 9. Nc3 cxd4 10. Qxd4 Nh5
11. Qd2 O-O 12. Rfd1 a6 13. Rac1 Rc8 14. Ne1 Bxg2 15. Nxg2 Nhf6 16. Ne3 Re8 17. Ncd5 Ne4 18. Qc2 Bxb2 19. Qxb2 e6 20. Nc3 Ndf6
21. Nxe4 Nxe4 22. Qd4 d5 23. Ng4 h5 24. Nh6+ Kf8 25. Qh8+ Ke7 26. Qg7 Rf8 27. f3 Nf6 28. e4 Ne8 29. Ng8+
1-0

[Event "AGAG IIIIII"]
[Site "SchemingMind.com"]
[Date "2021.01.02"]
[Round "-"]
[White "Brerrabbit"]
[Black "Kenny Elliott"]
[Result "0-1"]
[WhiteCountry "SCO"]
[BlackCountry "USA"]
[WhiteElo "1354"]
[WhiteRD "80"]
[BlackElo "1585"]
[BlackRD "58"]
[GameID "464035"]

1. b3 e5 2. Bb2 Nc6 3. e3 a6 4. c4 Nf6 5. f4 exf4 6. exf4 Bc5 7. Nc3 O-O 8. Qf3 Nd4 9. Qd3 Re8+ 10. Be2 Nxe2
11. Ngxe2 Ng4 12. O-O-O Nf2 13. Qf5 d6 14. Qc2 Nxd1 15. Rxd1 Bg4 16. Re1 Qh4 17. Rf1 Bxe2 18. Nxe2 Rxe2 19. Qc3 Qg4 20. h3 Qxg2
21. Rd1 Rae8 22. d4 R8e3
0-1

[Event "AGAG IIIIII"]
[Site "SchemingMind.com"]
[Date "2021.01.02"]
[Round "-"]
[White "Kenny Elliott"]
[Black "Brerrabbit"]
[Result "1-0"]
[WhiteCountry "USA"]
[BlackCountry "SCO"]
[WhiteElo "1585"]
[WhiteRD "58"]
[BlackElo "1354"]
[BlackRD "80"]
[GameID "464036"]

1. b3 e5 2. Bb2 Nc6 3. e4 Nf6 4. Nc3 d5 5. exd5 Nxd5 6. Bb5 a6 7. Bxc6+ bxc6 8. Nxd5 cxd5 9. Qe2 Bd6 10. Bxe5 O-O
11. Nf3 Bg4 12. O-O Bxe5 13. Rae1 Re8 14. Qd3 Qe7 15. Nxe5 f6 16. Nxg4 Qxe1 17. Ne3 Rxe3 18. fxe3 Qh4 19. Qxd5+
1-0

[Event "AGAG IIIIII"]
[Site "SchemingMind.com"]
[Date "2021.01.02"]
[Round "-"]
[White "Brerrabbit"]
[Black "Michael Christensen"]
[Result "0-1"]
[WhiteCountry "SCO"]
[BlackCountry "GER"]
[WhiteElo "1331"]
[WhiteRD "81"]
[BlackElo "1538"]
[BlackRD "103"]
[GameID "464037"]

1. b3 e5 2. Bb2 Nc6 3. e3 d5 4. Bb5 Bd6 5. d4 exd4 6. exd4 Qe7+ 7. Ne2 Bd7 8. Nc3 Nf6 9. a3 O-O-O 10. O-O Rhe8
11. Qd2 Ne4 12. Nxe4 Qxe4 13. Rae1 Qh4 14. g3 Qh5 15. f4 Re6 16. h4 Rg6 17. Bd3 Rg4 18. c4 Qxh4 19. Kf2 Qh2+ 20. Kf3 Rxg3+
0-1

[Event "AGAG IIIIII"]
[Site "SchemingMind.com"]
[Date "2021.01.03"]
[Round "-"]
[White "Michael Christensen"]
[Black "Brerrabbit"]
[Result "1-0"]
[WhiteCountry "GER"]
[BlackCountry "SCO"]
[WhiteElo "1575"]
[WhiteRD "101"]
[BlackElo "1349"]
[BlackRD "84"]
[GameID "464038"]

1. b3 e5 2. Bb2 Nc6 3. e4 d6 4. Nf3 Nf6 5. Nc3 d5 6. exd5 Nxd5 7. Bb5 Nxc3 8. Bxc3 Bd7 9. Bxc6 Bxc6 10. Bxe5 Qe7
11. O-O O-O-O 12. Re1 f6 13. Bf4 Qd7 14. d3 Bc5 15. Qd2 Rhe8 16. Rxe8 Rxe8 17. Re1 Qg4 18. Rxe8+ Bxe8 19. Be3 Bb6= 20. Bxb6 cxb6
21. Qe3 Bd7 22. c4 Qg6 23. Qe4 Qxe4 24. dxe4 Bc6 25. Nd2 Kd7 26. f3 Ke6 27. Kf2 Ke5 28. Ke3 f5 29. exf5 Kxf5 30. Ne4 Be8
31. Nd6+
1-0

[Event "AGAG IIIIII"]
[Site "SchemingMind.com"]
[Date "2021.01.02"]
[Round "-"]
[White "Brerrabbit"]
[Black "Gilligan"]
[Result "0-1"]
[WhiteCountry "SCO"]
[BlackCountry "USA"]
[WhiteElo "1354"]
[WhiteRD "80"]
[BlackElo "1680"]
[BlackRD "57"]
[GameID "464039"]

1. b3 d5 2. Bb2 Nc6 3. a3 e5 4. Nf3 Bd6 5. e3 Be6 6. Bb5 Ne7 7. Nc3 O-O 8. Qe2 a6 9. Bxc6 Nxc6 10. O-O-O Qe7
11. Nb1 a5 12. Nc3 Bxa3 13. d4 e4 14. Nd2 Rfb8 15. Nb5 Bxb2+ 16. Kxb2 a4
0-1

[Event "AGAG IIIIII"]
[Site "SchemingMind.com"]
[Date "2021.01.02"]
[Round "-"]
[White "Gilligan"]
[Black "Brerrabbit"]
[Result "1-0"]
[WhiteCountry "USA"]
[BlackCountry "SCO"]
[WhiteElo "1680"]
[WhiteRD "57"]
[BlackElo "1354"]
[BlackRD "80"]
[GameID "464040"]

1. b3 e5 2. Bb2 Nc6 3. e4 d6 4. Nf3 Qe7 5. Be2 g6 6. O-O b6 7. h3 Bb7 8. d4 Nxd4 9. Nxd4 exd4 10. Bxd4 Nf6
11. Re1 Qe6 12. Bc4 d5 13. exd5
1-0

[Event "AGAG IIIIII"]
[Site "SchemingMind.com"]
[Date "2021.01.02"]
[Round "-"]
[White "Brerrabbit"]
[Black "Helga1946"]
[Result "0-1"]
[WhiteCountry "SCO"]
[BlackCountry "GER"]
[WhiteElo "1354"]
[WhiteRD "80"]
[BlackElo "2280"]
[BlackRD "68"]
[GameID "464041"]

1. b3 e5 2. Bb2 Nc6 3. e3 Nf6 4. Bb5 Bd6 5. d4 exd4 6. exd4 O-O 7. Nf3 Re8+ 8. Be2 Qe7 9. Nc3 Bb4 10. O-O Bxc3
11. Bxc3 Qxe2 12. Re1 Qxd1 13. Rexd1 d5 14. Rd2 Bg4 15. Rd3 Bxf3 16. Rxf3 a5 17. Bd2 Nxd4 18. Rh3 Re2 19. Bc3 Nxc2 20. Rf1 d4
0-1

[Event "AGAG IIIIII"]
[Site "SchemingMind.com"]
[Date "2021.01.03"]
[Round "-"]
[White "Helga1946"]
[Black "Brerrabbit"]
[Result "1-0"]
[WhiteCountry "GER"]
[BlackCountry "SCO"]
[WhiteElo "2280"]
[WhiteRD "68"]
[BlackElo "1354"]
[BlackRD "80"]
[GameID "464042"]

1. b3 e5 2. c4 Nc6 3. e3 d6 4. Bb2 Nf6 5. a3 Bg4 6. Be2 Qd7 7. Nf3 O-O-O 8. d4 Ne4 9. d5 Ne7 10. O-O h6
11. Nfd2 Nf5 12. Bxg4 g6 13. Nxe4 Qe7 14. f4 f6 15. Ng3 c6 16. e4 h5 17. Bh3 Bh6 18. exf5
1-0

[Event "AGAG IIIIII"]
[Site "SchemingMind.com"]
[Date "2021.01.02"]
[Round "-"]
[White "Brerrabbit"]
[Black "JAHI"]
[Result "0-1"]
[WhiteCountry "SCO"]
[BlackCountry "INT"]
[WhiteElo "1327"]
[WhiteRD "81"]
[BlackElo "2068"]
[BlackRD "76"]
[GameID "464043"]

1. b3 e6 2. Bb2 a6 3. e4 b6 4. Nf3 Bb7 5. Bd3 a5 6. O-O h6 7. Nc3 h5 8. Bc4 h4 9. h3 Be7 10. d4 Nh6
11. d5 Na6 12. Bxa6 Rxa6 13. Qd2 d6 14. Ne2 e5 15. Rac1 Kf8 16. c4 Kg8 17. Nxe5 dxe5 18. Bxe5 Qd7 19. Nf4 Bg5 20. d6 f6
21. Bd4 Qxd6 22. g3 Nf7 23. Qe2 Qxd4 24. e5 hxg3 25. Ne6 Rxh3
0-1

[Event "AGAG IIIIII"]
[Site "SchemingMind.com"]
[Date "2021.01.02"]
[Round "-"]
[White "JAHI"]
[Black "Brerrabbit"]
[Result "1-0"]
[WhiteCountry "INT"]
[BlackCountry "SCO"]
[WhiteElo "2068"]
[WhiteRD "76"]
[BlackElo "1327"]
[BlackRD "81"]
[GameID "464044"]

1. b3 e5 2. e3 Nc6 3. Bb2 d5 4. Bb5 Bd7 5. Bxc6 Bxc6 6. Bxe5 Qe7 7. Nf3 Nf6 8. Nc3 g6 9. Kf1 Rg8 10. Qe2 Ne4
11. d3 Nxc3 12. Bxc3 Rd8 13. Re1 Kd7 14. Ne5+ Kc8 15. Nxc6 bxc6 16. a3 Qxa3 17. Ra1 Qd6 18. Rxa7 Kb8 19. Ra4 f5 20. g3 h5
21. Kg2 Kc8 22. Rha1 Be7 23. Bb4 Qf6 24. Bxe7 Qxe7 25. c3 Qg5 26. c4 Kd7 27. cxd5 cxd5 28. Ra7 Rge8 29. R1a6 Rf8 30. Rxc7+
1-0

[Event "AGAG IIIIII"]
[Site "SchemingMind.com"]
[Date "2021.01.04"]
[Round "-"]
[White "Brerrabbit"]
[Black "Daniel Dubé"]
[Result "0-1"]
[WhiteCountry "SCO"]
[BlackCountry "CAN"]
[WhiteElo "1327"]
[WhiteRD "81"]
[BlackElo "1645"]
[BlackRD "59"]
[GameID "464045"]

1. b3 d6 2. Nf3 e5 3. e4 Nf6 4. Bb2 Be7 5. Bc4 O-O 6. Qe2 Bg4 7. d4 Nc6 8. O-O exd4 9. c3 Ne5 10. Nbd2 Nh5
11. cxd4 Nf4 12. Qe3 Nxc4 13. Qxf4 Bxf3 14. Nxf3 Nxb2 15. Qe3 d5 16. Rab1 dxe4 17. Qxe4 Bf6 18. Rxb2 c5 19. dxc5 Bxb2
0-1

[Event "AGAG IIIIII"]
[Site "SchemingMind.com"]
[Date "2021.01.02"]
[Round "-"]
[White "Daniel Dubé"]
[Black "Brerrabbit"]
[Result "1-0"]
[WhiteCountry "CAN"]
[BlackCountry "SCO"]
[WhiteElo "1645"]
[WhiteRD "59"]
[BlackElo "1327"]
[BlackRD "81"]
[GameID "464046"]

1. b3 e5 2. Bb2 Nc6 3. e3 d5 4. d4 e4 5. c4 Nf6 6. g3 Bg4 7. Be2 Bb4+ 8. Nd2 O-O 9. Bxg4 Ne7 10. Be2 Qd7
11. a3 Bxd2+ 12. Qxd2 b6 13. h4 c5 14. dxc5 bxc5 15. Nh3 Rab8 16. b4 Rbd8 17. cxd5 Nexd5 18. Rd1 Ng4 19. Qxd5 Nf6 20. Qxd7
1-0

[Event "AGAG IIIIII"]
[Site "SchemingMind.com"]
[Date "2021.01.06"]
[Round "-"]
[White "Brerrabbit"]
[Black "David Connolly"]
[Result "1/2-1/2"]
[WhiteCountry "SCO"]
[BlackCountry "WLS"]
[WhiteElo "1354"]
[WhiteRD "80"]
[BlackElo "2060"]
[BlackRD "82"]
[GameID "464047"]

1. b3 c5 2. c4 Nc6 3. Nf3 e5 4. Nc3 g6 5. g3 Bg7 6. Bg2 Nge7 7. Bb2 O-O 8. Nd5 d6 9. O-O Nxd5 10. cxd5 Ne7
11. Nh4 f5 12. e3 Qe8 13. f4 e4 14. Bh3 Bxb2=
1/2-1/2

[Event "AGAG IIIIII"]
[Site "SchemingMind.com"]
[Date "2021.01.06"]
[Round "-"]
[White "David Connolly"]
[Black "Brerrabbit"]
[Result "1-0"]
[WhiteCountry "WLS"]
[BlackCountry "SCO"]
[WhiteElo "2063"]
[WhiteRD "81"]
[BlackElo "1327"]
[BlackRD "81"]
[GameID "464048"]

1. b3 e5 2. Bb2 Nc6 3. e3 d5 4. Bb5 Bc5 5. Bxe5 Bd6 6. Bxg7 Be5 7. Bxc6+ bxc6 8. Bxe5 f6 9. Qh5+ Ke7 10. Bg3 Rb8
11. Ne2 Rb5 12. Nd4 Rb6 13. Nc3 Qe8 14. Qxe8+ Kxe8 15. Bxc7 Rb7 16. Bg3 Ne7 17. Na4 f5 18. Nc5 Rc7 19. Bxc7
1-0

[Event "AGAG IIIIII"]
[Site "SchemingMind.com"]
[Date "2021.01.01"]
[Round "-"]
[White "Kenny Elliott"]
[Black "Michael Christensen"]
[Result "0-1"]
[WhiteCountry "USA"]
[BlackCountry "GER"]
[WhiteElo "1547"]
[WhiteRD "65"]
[BlackElo "1575"]
[BlackRD "101"]
[GameID "464051"]

1. b3 e5 2. Bb2 Nc6 3. e4 Nf6 4. Nc3 Be7 5. Nf3 O-O 6. Bc4 d6 7. O-O Re8 8. Ng5 d5 9. exd5 Nxd5 10. Nge4 Nxc3
11. Bxc3 Bf5 12. Ng3 Bg6 13. Re1 Bd6 14. Bb5 Qd7 15. h4 h6 16. h5 Bh7 17. d3 a6 18. Bxc6 Qxc6 19. Bd2 Qc5 20. Be3 Qb4
21. c3 Qxc3 22. Rc1 Qxd3 23. Qg4 Rad8 24. Bxh6 Bf8 25. Re3 Qd6 26. Rce1 Qxh6 27. Kf1 Bd3+ 28. Kg1 Rd5 29. Qf3 Red8 30. Qg4 Qh7
31. f4 Rd4 32. Ne2 Bxe2 33. R3xe2 Rxf4 34. Qg5 f6 35. Qg6 Qxg6 36. hxg6 Bc5+ 37. Kh2 Rh4+ 38. Kg3 Rdd4 39. Kf3 Rd3+ 40. Re3 Rxe3+
41. Rxe3 Rf4+ 42. Ke2 Bxe3 43. Kxe3 Rg4 44. Kd3 Rxg2
0-1

[Event "AGAG IIIIII"]
[Site "SchemingMind.com"]
[Date "2021.01.01"]
[Round "-"]
[White "Michael Christensen"]
[Black "Kenny Elliott"]
[Result "0-1"]
[WhiteCountry "GER"]
[BlackCountry "USA"]
[WhiteElo "1538"]
[WhiteRD "103"]
[BlackElo "1553"]
[BlackRD "61"]
[GameID "464052"]

1. b3 d5 2. Bb2 Nc6 3. f4 Bf5 4. Nf3 d4 5. e3 Bg4 6. exd4 Nxd4 7. Be2 Nxe2 8. Qxe2 Qd7 9. O-O Qc6 10. Nc3 O-O-O
11. Kh1 Nf6 12. d3 e6 13. Rae1 Bd6 14. Ne5 Bxe5 15. Qxe5 Bh3 16. Qg5 h6 17. Qg3 Bg4 18. h3 Bf5 19. Rf3 Rhg8 20. Rfe3 g5
21. fxg5 Rxg5 22. Qh2 Rdg8 23. R1e2 Bxh3 24. Ne4 Bxg2+ 25. Rxg2 Rxg2 26. Qxg2 Rxg2 27. Kxg2 Qxc2+ 28. Kf3 Qxb2 29. Re2 Qxe2+ 30. Kxe2 Nxe4
31. dxe4 f5 32. exf5 exf5 33. Kf3 h5 34. Kg3 c5 35. a3 b5
0-1

[Event "AGAG IIIIII"]
[Site "SchemingMind.com"]
[Date "2021.01.01"]
[Round "-"]
[White "Kenny Elliott"]
[Black "Gilligan"]
[Result "0-1"]
[WhiteCountry "USA"]
[BlackCountry "USA"]
[WhiteElo "1562"]
[WhiteRD "54"]
[BlackElo "1683"]
[BlackRD "60"]
[GameID "464053"]

1. b3 d5 2. Bb2 Nf6 3. Nf3 Nc6 4. e3 e6 5. Bb5 Bd7 6. Bxc6 Bxc6 7. Ne5 Qd6 8. d4 Bd7 9. Nd2 Be7 10. Ndf3 Ne4
11. O-O f6 12. Nxd7 Qxd7 13. c4 c6 14. Nd2 Nxd2 15. Qxd2 O-O-O 16. c5 h5 17. Qa5 Kb8 18. Qc3 g5 19. a4 g4 20. g3 f5
21. a5 Ka8 22. a6 Rb8 23. axb7+ Rxb7 24. Ra3 Kb8 25. Rfa1 Rc8 26. b4 h4 27. Qe1 Rcc7 28. Bc3 Bd8 29. R1a2 Kc8 30. Kf1 Qh7
31. Ke2 hxg3 32. hxg3 Bf6 33. Kd2 Re7 34. Ra6 Rbc7 35. Qb1 e5 36. b5 exd4 37. Ba5 dxe3+ 38. fxe3 Qh2+ 39. Kd3 Rxe3+ 40. Kxe3 Re7+
41. Kf4 Qh6+ 42. Kxf5 Qg5#
0-1